Jahrbuch der Psychoanalyse / 23.1988

Saved in:  
Bibliographic Details
Format: Print Book
Language:German
Published: 1988
In: Jahrbuch der Psychoanalyse Beiträge zur Theorie, Praxis und Geschichte
Year: 1988
Check availability: HBZ Gateway
Subito Delivery Service: Order now.
Volumes / Articles:Show volumes/articles.

MARC

LEADER 00000cam a2200000 cc4500
001 1149438142
003 DE-627
005 20251221185309.0
007 tu
008 990825s1988 xx ||||| 00| ||ger c
035 |a (DE-627)1149438142 
035 |a (DE-576)079438148 
035 |a (DE-599)BSZ079438148 
040 |a DE-627  |b ger  |c DE-627  |e rakwb 
041 |a ger 
084 |a 44.91  |2 bkl 
084 |a 77.14  |2 bkl 
245 0 0 |a Jahrbuch der Psychoanalyse  |n 23.1988 
264 1 |c 1988 
300 |a 304 S 
336 |a Text  |b txt  |2 rdacontent 
337 |a ohne Hilfsmittel zu benutzen  |b n  |2 rdamedia 
338 |a Band  |b nc  |2 rdacarrier 
773 1 8 |a Jahrbuch der Psychoanalyse Beiträge zur Theorie, Praxis und Geschichte  |w (DE-627)129387630  |w (DE-576)01477397X  |w (DE-600)184280-8  |x 0075-2363  |g 23.1988  |q 1988,0023,00  |7 nnas 
889 |w (DE-627)313528918 
935 |i mdedup 
936 b k |a 44.91  |j Psychiatrie  |j Psychopathologie  |0 (DE-627)106409972 
936 b k |a 77.14  |j Psychoanalyse  |0 (DE-627)106412302 
951 |a JV 
ELC |b 1 
LOK |0 000 xxxxxcx a22 zn 4500 
LOK |0 001 2552434363 
LOK |0 003 DE-627 
LOK |0 004 1149438142 
LOK |0 005 20071004114300 
LOK |0 008 071004||||||||||||||||ger||||||| 
LOK |0 040   |a DE-21-93  |c DE-627  |d DE-21-93 
LOK |0 541   |e 89/4 
LOK |0 852   |a DE-21-93 
LOK |0 852 1  |c M Ps An 203-23  |m p  |9 00 
LOK |0 935   |a k093  |a kneu 
LOK |0 938   |k p 
LOK |0 939   |a 04-10-07  |b l01 
LOK |0 000 xxxxxcx a22 zn 4500 
LOK |0 001 2798918391 
LOK |0 003 DE-627 
LOK |0 004 1149438142 
LOK |0 005 20140526110257 
LOK |0 008 140526||||||||||||||||ger||||||| 
LOK |0 040   |a DE-21-110  |c DE-627  |d DE-21-110 
LOK |0 852   |z Kein Bestand am IfK; Nachweis für KrimDok 
LOK |0 852   |a DE-21-110 
LOK |0 852 1  |m v  |9 00 
LOK |0 935   |a k110 
LOK |0 938   |k v 
LOK |0 939   |a 26-05-14  |b l01 
ORI |a WA-MARC-krimdokb001.raw 
SPR |a 1  |t KRI